Daily Country Riddle #73 - Statistics

General Stats
  • This quiz has been taken 176 times
  • The average score is 12 of 15
Answer Stats
Type Answer % Correct
Found Letter A
100%
Found Letter I
98%
Found Letter R
96%
Correctly Placed Letter A
93%
Found Letter A
93%
Correctly Placed Letter I
93%
Found Letter O
84%
Correctly Placed Letter A
81%
Found Letter T
81%
Correctly Placed Letter R
72%
Found Letter C
70%
Correctly Placed Letter O
66%
Correctly Placed Letter T
66%
Correctly Placed Letter C
64%
Mystery Country Croatia
64%
No matching quizzes found
Score Distribution
Percent of People with Each Score
Percentile by Number Answered
Your Score History
You have not taken this quiz